000
00326 a2200157 4500
001
69138
020
_a
040
_c
Anchieta - Itaigara
100
_a
Gouveia, Luis Augusto
240
1
0
_a
Que droga!
_l
por
245
1
0
_a
Que droga!
300
_a
20
362
0
_a
1999
650
4
_a
Literatura infanto-juvenil
942
_c
BK
999
_c
69138
_d
69138